000 00384nam a2200145Ia 4500
008 100122s9999 xx 000 0 und d
082 _b62458
_a823
100 _aआचार्य नयना
245 _aनरोत्तम
260 _bमंगलदीप
_c2002
300 _a192
630 _aनरोत्तम
730 _aनरोत्तम
942 _cBOOK
999 _c436824
_d436821